KURKEY'S NEW GEOPOLITICE FROM THE BALKANS TO WESTERN CHINA / (Record no. 10343)
[ view plain ]
| 000 -الفاتح | |
|---|---|
| حقل البيانات ثابتة الطول | 00610nam a2200217Ia 4500 |
| 008 - عناصر البيانات ثابتة الطول - معلومات عامة | |
| حقل البيانات ثابتة الطول | 140319s9999 xx 000 0 eng d |
| 040 ## - مصدر الفهرسة | |
| وكالة الفهرسة الأصلية | GCL / |
| وكالة النسخ | GCL |
| 082 04 - رقم تصنيف ديوى العشرى | |
| رقم التصنيف | 327.4961 |
| رقم المادة | F T |
| 100 1# - المدخل الرئيسى - إسم شخصى | |
| الإسم الشخصى | BROWN, JEAN E. |
| 245 10 - بيان العنوان | |
| العنوان | KURKEY'S NEW GEOPOLITICE FROM THE BALKANS TO WESTERN CHINA / |
| بيان المسئوليه,etc | BROWN, JEAN E. |
| 700 1# - المدخل الاضافى - اسم شخصى | |
| الإسم الشخصى | FULLER, GRAHAM |
| 700 1# - المدخل الاضافى - اسم شخصى | |
| الإسم الشخصى | LESSER, IAN O. |
| 700 1# - المدخل الاضافى - اسم شخصى | |
| الإسم الشخصى | HENZE, PAUL B. |
| 260 ## - PUBLICATION, DISTRIBUTION, ETC. (IMPRINT) | |
| تاريخ النشر أو التوزيع | 1993 |
| 300 ## - الوصف المادى | |
| التعداد | 197 P |
| 650 04 - المدخل الاضافى بالموضوع-مصطلح موضوعى | |
| مصطلح موضوعي | TURKEY - POLITICS |
| 650 04 - المدخل الاضافى بالموضوع-مصطلح موضوعى | |
| مصطلح موضوعي | TURKEY - FOREIGN RELATIONS |
| 650 04 - المدخل الاضافى بالموضوع-مصطلح موضوعى | |
| مصطلح موضوعي | TURKEY - GOVERNMENT |
| 942 ## - عناصر المدخل الإضافي( كوها) | |
| مصدر التصنيف او مخطط الترفيف | Dewey Decimal Classification |
| Koha [default] item type | كتاب |
| 260 ## - PUBLICATION, DISTRIBUTION, ETC. (IMPRINT) | |
| -- | [S.N] : |
| -- | WESTVIEW PRESS ، |
| حالة التراجع | حالة الفقد | حالة تلف | ليس للاعارة | المكان المؤقت | الموقع الحالى | تاريخ الاكتساب | اجمالي اﻻعارات | رقم الطلب | الباركود | تاريخ اخر مشاهدة | تاريخ تفعيل السعر | نوع وعاء كوها |
|---|---|---|---|---|---|---|---|---|---|---|---|---|
| مكتبة القاهرة الكبرى | مكتبة القاهرة الكبرى | 03/26/2014 | 327.4961\F T | 21030 | 03/26/2014 | 03/26/2014 | كتاب |

